Grease Musical Film Trivia - Statistics

General Stats
  • This quiz has been taken 350 times
  • The average score is 8 of 15
Answer Stats
Hint Answer % Correct
What is Sandy's country of origin? Australia
91%
When was the film released? 1978
87%
And what colour was her hair during that scene? Pink
86%
What was Sandy's nickname, given for her prudish personality? Sandra Dee
70%
What is the name of the greaser gang featuring Danny? T-Birds
69%
Finish the lyric:
I got chills, they're _________
And I'm losing control
'Cause the power you're __________ It's __________
Multiplying Supplying Electrifying
65%
What is the name of the High School? Rydell High
57%
When is the film set? 1958
49%
Who sang the theme song (featured with the animated opening credits)? Frankie Valli
46%
Who portrayed Rizzo? Stockard Channing
40%
What is the name of the rival gang who races against Danny? Scorpions
37%
Who guest stars as Frenchy's guardian angel during 'Beauty School Dropout'? Frankie Avalon
32%
Who ends up with Frenchy? Doody
28%
What dessert did Jan claim her mom made better than the diner? Apple Pie
26%
What is the name of the Principal's assistant? Blanche
19%
No matching quizzes found
Score Distribution
Percent of People with Each Score
Percentile by Number Answered
Your Score History
You have not taken this quiz